00458nam a2200157Ia 450000500170000000800410001708200130005810000190007124500220009026000370011230000130014965000180016294200060018095200990018699900150028520250509064305.0240331s9999 xx 000 0 und d bSOMa891 aSomakandhan, P 0aPuthiya varppukal aMadrasbKumaran Publishersc1996 a112 p ., aShort Stories cL 001040708LaWERCLbWERCLcSSCd2024-03-31l0o 894.811 SOMp1843r2024-03-31w2024-03-31yL c4314d4314